Statistics for Northern African Countries on Population/Area Chart

Click here to take the quiz!

General Stats

  • This quiz has been taken 12 times
  • The average score is 8 of 30

Answers on the Map

Answers color-coded by a green-red scale on the quiz's map according to % correct below.
 

Answer Stats

Answer% Correct
Algeria
78%
Libya
78%
Nigeria
56%
Chad
44%
Egypt
44%
Ethiopia
44%
Niger
44%
Sudan
44%
Cape Verde
33%
Djibouti
33%
Gambia
33%
Mauritania
33%
Cameroon
22%
Ghana
22%
Guinea-Bissau
22%
Mali
22%
South Sudan
22%
Benin
11%
Burkina Faso
11%
Central African Republic
11%
Cote d'Ivoire
11%
Guinea
11%
Morocco
11%
Somalia
11%
Togo
11%
Tunisia
11%
Eritrea
0%
Liberia
0%
Senegal
0%
Sierra Leone
0%

Score Distribution

Percentile by Number Answered

Percent of People with Each Score

Your Score History

You have not taken this quiz